| 000 | 00596nam a22002057a 4500 | ||
|---|---|---|---|
| 003 | OSt | ||
| 005 | 20260502030446.0 | ||
| 008 | 260502b |||||||| |||| 00| 0 eng d | ||
| 020 | _a0-471-43820-0 | ||
| 040 |
_aDWCL-Main lib. _cOC |
||
| 082 |
_22002 ed. _aGr. 657 D373w 2002 |
||
| 100 | _aDelaney, Patrick R. | ||
| 245 |
_aWiley CPA examination review 2002 auditing/ _cPatrick R. Delaney |
||
| 250 | _a2002 ed. | ||
| 260 | _bJohn Wiley & Sons, inc. | ||
| 300 |
_a788 pages ; _c28 cm. |
||
| 504 | _aInclude index. | ||
| 700 | _aWhittington, O.R. | ||
| 942 |
_2ddc _cGR _e2002 ed. _hGr. _n0 |
||
| 999 |
_c10173 _d10173 |
||